| 000 | 01101nam a2200289Ia 4500 | ||
|---|---|---|---|
| 005 | 20170605150352.0 | ||
| 010 | _aBAC-EN21 ENG-111867 | ||
| 020 |
_a9788126508105 _c799.00 |
||
| 020 |
_a9788126508105 _c889.00 (AV) |
||
| 035 | _aB-586895-910 | ||
| 035 | _aEN-95399 | ||
| 035 | _aB-669686 | ||
| 037 | _bAsian Book Centre/Ven | ||
| 037 | _bDBAD/PUB | ||
| 082 | _a530.15 | ||
| 100 | _aBoas, Mary L. | ||
| 245 |
_aMathamatical methods in physical sciences / _cby Mary L.Boas |
||
| 250 | _a3rd ed | ||
| 260 |
_c2014 _aNew Delhi _bJohn Wiley |
||
| 270 |
_a4435/7, Ansari Road, Daryaganj, _bNew Delhi _e110002 |
||
| 300 |
_c24cm(pbk) _axviii,839p. : _bill. |
||
| 500 | _a Includes bibliographical references (p. 779-780) and index. | ||
| 650 | _aMathematical physics. | ||
| 942 |
_cEN _2ddc _h530.15 _mBOA |
||
| 999 |
_c88061 _d88061 |
||